00957nam a22002537a 450000100060000000300080000600500170001400800410003103500190007204000260009104100080011708200200012510000260014524500530017125000260022426000700025030000380032050400200035865000280037894200120040699900170041895201340043595201340056919408BD-RjUL20211209000429.0140224r1949 enkc 001 0 eng d a(BD-RjUL)19468 aBD-RjULbengcBD-RjUL aeng a821.9bDOA 19491 aDobson, Austin959664 aAustin Dobson :bselected poems /cAustin Dobson arev. and enlarged ed. aLondon ;aNew York :bOxford University Press,c[Reprinted 1949]. axii, 247 p :bportraits ;c15 cm. aIncludes index. 0aAmerican poetry.959665 2ddccBK c19408d19408 00102ddc40708NFICaRUCLbRUCLcStackd1955-01-22eM. B. P.g2.13l0o821.9 DOA 1949r2014-02-24 00:00:00tC-2w2021-12-09yBK 00102ddc40718NFICaRUCLbRUCLcReadingd1959-10-25eO.U.P.g2.13l0o821.9 DOA 1949r2020-09-02 00:00:00tC-1w2020-09-02yBK